000 00276nam a2200097Ia 4500
008 230915s9999 xx 000 0 und d
050 _aSB110 .C76 2007
100 _aSINGH D.P.
245 0 _aCROP PRODUCTION IN STRESS ENVIRONMENTS & GENETIC AND MANAGEMENT OPTIONS
942 _cBK
999 _c201678
_d201678